Los nibelungos

Sábháilte in:
Sonraí bibleagrafaíochta
Príomhchruthaitheoir: Hebbel, Federico
Formáid: LEABHAR
Teanga:Undetermined
Foilsithe / Cruthaithe: Madrid, España Espasa Calpe 1960
Eagrán:2
Ábhair:
Clibeanna: Cuir clib leis
Níl clibeanna ann, Bí ar an gcéad duine le clib a chur leis an taifead seo!

MARC

LEADER 00000nam a2200000Ia 4500
008 170316s9999 xx 000 0 und d
040 |a cru BVZT 
090 |a 830 H-3n 
100 |a Hebbel, Federico 
245 |a Los nibelungos 
250 |a 2 
260 |a Madrid, España 
260 |b Espasa Calpe 
260 |c 1960 
300 |a 179 páginas 
650 |a LITERATURA ALEMANA 
650 |a DRAMA 
999 |c 7352  |d 7352 
942 |c 15 D  |h 830 H-3n  |2 z